000 00181 a2200097 4500
020 _a9780892393787
041 _aspa
100 _aLulu Delacre
245 _aRafi y Rosi
942 _cK
999 _c26758
_d26758